|
|
|
|
| LEADER |
00741cam a2200205 7i4500 |
| 001 |
0000029784 |
| 005 |
20200602090000.0 |
| 008 |
091106 eng |
| 020 |
|
|
|a 9781556428661 (hbk.)
|
| 040 |
|
|
|a OhCoOLI
|
| 090 |
0 |
0 |
|a R733
|b .C65 2009
|
| 245 |
0 |
0 |
|a Complementary therapies in rehabilitation :
|b evidence for efficacy in therapy, prevention, and wellness
|c edited by Carol M. Davis.
|
| 250 |
|
|
|a 3rd ed.
|
| 260 |
|
|
|a Thorofare, N.J.:
|b SLACK, Inc.,
|c 2009.
|
| 300 |
|
|
|a xxi, 409 p.:
|b ill.;
|c 27 cm.
|
| 504 |
|
|
|a Includes bibliographical references and index
|
| 650 |
0 |
0 |
|a Rehabilitation
|
| 650 |
0 |
0 |
|a Alternative medicine
|
| 997 |
|
|
|a Health Sciences, Faculty
|
| 999 |
|
|
|a 0000039685
|b BOK
|c OPEN SHELF
|e 1st Floor, Shah Alam
|